000 00568nam a2200193Ia 4500
008 151119s9999||||xx |||||||||||||| ||und||
082 _a404
082 _bGKKV27787
100 _aबिनीवाले अविनाश
245 _aबोलू कवितीके
260 _a--
260 _b--
260 _c0
600 _aबिनीवाले अविनाश
630 _aबोलू कवितीके
700 _aबिनीवाले अविनाश
730 _aबोलू कवितीके
942 _cBOOK
999 _c1080212
_d1080209